000 00517nam a2200193Ia 4500
005 20250508162114.0
008 008 250505s9999 xx 000 0 hin d
037 _aTextual
040 _aFEDL
_beng
_cFEDL
041 _ahin
_2eng
084 _a301, MAK
_qFEDL
100 _aMakenji J. S.
_9772316
245 0 _aSamaj - darshan ki rooprekha
260 _aPatna, India
_bRaj Kamal Prakashan
_c1962
300 _a242p
650 _aSociology
942 _cTEXL
_h301, MAK
999 _c1374411
_d1374411